Vybrané príklady účtovania vo verejnej obchodnej spoločnosti
Účtovanie v sústave podvojného účtovníctva vo verejnej obchodnej spoločnosti. Súčasť aktív. Súčasť pasív. Zriaďovacie výdavky. Vklady spoločníkov. Úroky. Podiel na zisku, resp. podiel na úhrade straty, preddavky. Účtovné operácie vo v.o.s. Účtovné príklady.
Salvato in:
| Autore principale: | |
|---|---|
| Natura: | Capitolo di libro |
| Lingua: | slovacco |
| Soggetti: | |
| Tags: |
Nessun Tag, puoi essere il primo ad aggiungerne!!
|
MARC
| LEADER | 00000naa a2200000 4500 | ||
|---|---|---|---|
| 001 | r034034 | ||
| 005 | 20230919084156.2 | ||
| 041 | 0 | |a slo | |
| 044 | |a SK | ||
| 245 | 1 | 0 | |a Vybrané príklady účtovania vo verejnej obchodnej spoločnosti |c Emília Kuková |
| 520 | |a Účtovanie v sústave podvojného účtovníctva vo verejnej obchodnej spoločnosti. Súčasť aktív. Súčasť pasív. Zriaďovacie výdavky. Vklady spoločníkov. Úroky. Podiel na zisku, resp. podiel na úhrade straty, preddavky. Účtovné operácie vo v.o.s. Účtovné príklady. | ||
| 610 | 2 | 0 | |a účtovníctvo podvojné |
| 610 | 2 | 0 | |a spoločnosti v.o.s. |
| 610 | 2 | 0 | |a účtovanie |
| 610 | 2 | 0 | |a výdavky |
| 610 | 2 | 0 | |a vklady |
| 610 | 2 | 0 | |a spoločníci |
| 610 | 2 | 0 | |a podiely na zisku |
| 610 | 2 | 0 | |a operácie účtovné |
| 100 | 1 | |a Kuková, Emília | |